| 000 | 00586nam a2200181 a 4500 | ||
|---|---|---|---|
| 005 | 20210219160138.0 | ||
| 008 | 080818s1973 mx r 000 0 spa d | ||
| 035 | _aUPN01000159356 | ||
| 049 | _aUNE | ||
| 080 | _a37.014. 22 (72) TEM. | ||
| 245 | 0 | 0 | _a5 Temas sobre alfabetización |
| 260 |
_aPátzcuaro, Mich. _bCREFAL, _c1973. |
||
| 300 |
_a60 p. : _bil., retrs. |
||
| 690 | _aAlfabetizacion - Mexico | ||
| 690 | _aCampañas de alfabetizacion - Mexico | ||
| 710 | 2 | _aCentro Regional de Educación de los Adultos y Alfabetización Funcional para América Latina | |
| 905 | _aUNESCO | ||
| 999 |
_c131470 _d131470 |
||